[Event "Skakligaen 2023-24"]
[Site "Denmark"]
[Date "2023.10.29"]
[Round "2.1"]
[Board "1"]
[White "Ochsner, Bjorn Moller"]
[Black "Rasmussen, Allan Stig"]
[Result "0-1"]
[WhiteElo "2537"]
[BlackElo "2510"]
[PlyCount "64"]
[WhiteTeam "AarhusSkolerne"]
[BlackTeam "Frem"]
[EventDate "2023.10.28"]
[EventType "team-tourn"]
[EventRounds "9"]
[EventCountry "DEN"]
[SourceTitle "Live v. Kasper Jerwiarz"]
[Table "1"]

1. e4 c5 2. Nf3 e6 3. c3 d5 4. exd5 Qxd5 5. d4 Nf6 
6. Na3 Nc6 7. Be3 cxd4 8. Nb5 Qd7 9. Nbxd4 a6 10. Bd3 Bd6 
11. Qc2 Ne7 12. O-O Qc7 13. Rad1 O-O 14. Bg5 Bd7 15. Rfe1 Ned5 
16. c4 Nb4 17. Qd2 Nxd3 18. Qxd3 Rad8 19. Bxf6 gxf6 20. Re4 Be7 
21. Qe3 Kh8 22. Qh6 Rg8 23. Nf5 Rg6 24. Qd2 Ba4 25. Nxe7 Rxg2+ 
26. Kxg2 Rxd2 27. Rxd2 Qxe7 28. Re3 f5 29. Kf1 f4 30. Re4 Bc6 
31. Rxf4 Qc7 32. Rdd4 e5 0-1

[Event "Skakligaen 2023-24"]
[Site "Denmark"]
[Date "2023.10.29"]
[Round "2.2"]
[Board "2"]
[White "Hansen, Mads"]
[Black "Rasmussen, Karsten"]
[Result "1-0"]
[WhiteElo "2388"]
[BlackElo "2395"]
[PlyCount "121"]
[WhiteTeam "Frem"]
[BlackTeam "AarhusSkolerne"]
[EventDate "2023.10.28"]
[EventType "team-tourn"]
[EventRounds "9"]
[EventCountry "DEN"]
[SourceTitle "Live v. Kasper Jerwiarz"]
[Table "2"]

1. e4 c6 2. d4 d5 3. exd5 cxd5 4. c4 Nf6 5. Nc3 e6 
6. Nf3 Bb4 7. cxd5 Nxd5 8. Bd2 Nc6 9. Bd3 Be7 10. a3 Nxc3 
11. Bxc3 Bf6 12. O-O O-O 13. Qe2 Ne7 14. Ne5 g6 15. Rad1 Bg7 
16. Be4 Nd5 17. Bd2 Bd7 18. h4 Ba4 19. b3 Bc6 20. h5 gxh5 
21. Rfe1 Be8 22. Rc1 f6 23. Nd3 Bf7 24. Bf3 h4 25. Nc5 e5 
26. Nxb7 Qb6 27. Nc5 Rad8 28. dxe5 fxe5 29. b4 Nf4 30. Bxf4 exf4 
31. Rcd1 Rfe8 32. Be4 Rxd1 33. Rxd1 a5 34. Rd7 axb4 35. axb4 Qxb4 
36. Rxf7 Qxc5 37. Rd7 Kh8 38. Qg4 Qe5 39. f3 Qf6 40. Qh5 Rxe4 
41. fxe4 h6 42. Qe8+ Kh7 43. Qf7 Qg5 44. Qf5+ Kg8 45. Qe6+ Kh7 
46. Rd5 Qg6 47. Qxg6+ Kxg6 48. Rf5 Bd4+ 49. Kh2 Bf6 50. Kh3 Bg5 
51. Kg4 h5+ 52. Kf3 Bh6 53. Ke2 Bg5 54. Kd3 Bd8 55. Rxf4 Kg5 
56. Ke3 Bc7 57. Rf7 Bd6 58. Kf3 Kg6 59. Rf5 Bg3 60. Ke3 Bc7 
61. Kd4 1-0

[Event "Skakligaen 2023-24"]
[Site "Denmark"]
[Date "2023.10.29"]
[Round "2.3"]
[Board "3"]
[White "Sorensen, Jan"]
[Black "Dyrgaard, Kristoffer"]
[Result "1-0"]
[WhiteElo "2377"]
[BlackElo "2269"]
[PlyCount "91"]
[WhiteTeam "AarhusSkolerne"]
[BlackTeam "Frem"]
[EventDate "2023.10.28"]
[EventType "team-tourn"]
[EventRounds "9"]
[EventCountry "DEN"]
[SourceTitle "Live v. Kasper Jerwiarz"]
[Table "3"]

1. e4 c5 2. Nf3 Nc6 3. Bb5 g6 4. Bxc6 dxc6 5. d3 Bg7 
6. h3 Nf6 7. Nc3 Nd7 8. Be3 e5 9. Qd2 Qe7 10. Bh6 f6 
11. Bxg7 Qxg7 12. Qe3 Qe7 13. Nd2 Nf8 14. f4 Ne6 15. fxe5 Nd4 
16. O-O-O Qxe5 17. Nc4 Qe7 18. e5 O-O 19. exf6 Qxf6 20. Ne4 Qf4 
21. Rhe1 Qxe3+ 22. Rxe3 b6 23. g4 Be6 24. c3 Bxc4 25. dxc4 Ne6 
26. g5 Rad8 27. Nf6+ Kf7 28. Rf1 Ke7 29. Rfe1 Rd6 30. Ne4 Rd7 
31. Nf6 Rd6 32. Ne4 Rd7 33. Nxc5 bxc5 34. Rxe6+ Kd8 35. Rxc6 Rf5 
36. h4 Rf4 37. Rxc5 Rxh4 38. Re2 Rg4 39. b4 Rg3 40. Kc2 Rdd3 
41. Rd2 Rxd2+ 42. Kxd2 Rg2+ 43. Kd3 Rxa2 44. Ra5 Rg2 45. Rxa7 Rg3+ 
46. Kd4 1-0

[Event "Skakligaen 2023-24"]
[Site "Denmark"]
[Date "2023.10.29"]
[Round "2.4"]
[Board "4"]
[White "Ostergreen Johansen, Torben"]
[Black "Skytte, Rasmus"]
[Result "0-1"]
[WhiteElo "2160"]
[BlackElo "2334"]
[PlyCount "80"]
[WhiteTeam "Frem"]
[BlackTeam "AarhusSkolerne"]
[EventDate "2023.10.28"]
[EventType "team-tourn"]
[EventRounds "9"]
[EventCountry "DEN"]
[SourceTitle "Live v. Kasper Jerwiarz"]
[Table "4"]

1. d4 d5 2. Bf4 c5 3. e3 Nc6 4. Nf3 Bf5 5. Bb5 e6 
6. Nbd2 Bd6 7. dxc5 Bxf4 8. exf4 Nge7 9. O-O Qc7 10. g3 O-O 
11. c3 a5 12. Re1 Na7 13. Bf1 Qxc5 14. a4 Nac6 15. Qb3 Rfd8 
16. Qb5 Qa7 17. Nb3 Rac8 18. Nbd4 Be4 19. Rad1 h6 20. Bg2 Bxf3 
21. Nxf3 Nf5 22. Ne5 Nd6 23. Qe2 Qb6 24. Nxc6 bxc6 25. Qc2 Rb8 
26. Rb1 Qb3 27. Qe2 Qxa4 28. Ra1 Qb3 29. Reb1 Nc4 30. f5 exf5 
31. Qh5 Qc2 32. Rc1 Qd2 33. b4 axb4 34. cxb4 g6 35. Qh4 Re8 
36. Bf1 Ne5 37. Bg2 Rxb4 38. Rc2 Qxc2 39. Qxb4 Qxf2+ 40. Kxf2 Nd3+ 
0-1

[Event "Skakligaen 2023-24"]
[Site "Denmark"]
[Date "2023.10.29"]
[Round "2.5"]
[Board "5"]
[White "Sobjerg, Erik"]
[Black "Le Besq, Alexander"]
[Result "0-1"]
[WhiteElo "2299"]
[BlackElo "2186"]
[PlyCount "40"]
[WhiteTeam "AarhusSkolerne"]
[BlackTeam "Frem"]
[EventDate "2023.10.28"]
[EventType "team-tourn"]
[EventRounds "9"]
[EventCountry "DEN"]
[SourceTitle "Live v. Kasper Jerwiarz"]
[Table "5"]

1. e4 c5 2. Nf3 d6 3. d4 cxd4 4. Nxd4 Nf6 5. Bb5+ Bd7 
6. c4 Bxb5 7. Nxb5 Nc6 8. N1c3 a6 9. Nd4 g6 10. Be3 Bg7 
11. f3 O-O 12. Qd2 Nxd4 13. Bxd4 Qa5 14. O-O Rfc8 15. Qd3 Qb4 
16. b3 b5 17. Rab1 e5 18. Bf2 bxc4 19. bxc4 Qxc4 20. Rfd1 Qxc3 
0-1

[Event "Skakligaen 2023-24"]
[Site "Denmark"]
[Date "2023.10.29"]
[Round "2.6"]
[Board "6"]
[White "Wilbrandt, Simon Pil"]
[Black "Pedersen, Finn"]
[Result "0-1"]
[WhiteElo "2132"]
[BlackElo "2246"]
[PlyCount "72"]
[WhiteTeam "Frem"]
[BlackTeam "AarhusSkolerne"]
[EventDate "2023.10.28"]
[EventType "team-tourn"]
[EventRounds "9"]
[EventCountry "DEN"]
[SourceTitle "Live v. Kasper Jerwiarz"]
[Table "6"]

1. d4 d5 2. c4 c6 3. Nf3 Nf6 4. Nc3 dxc4 5. e4 b5 
6. Be2 e6 7. O-O Bb7 8. Re1 Be7 9. Qc2 O-O 10. a4 a6 
11. Bf4 Nbd7 12. h3 Re8 13. Bf1 Nf8 14. Rad1 Qb6 15. Be3 Rad8 
16. g4 Qc7 17. Bg2 Ng6 18. Ne2 c5 19. Ng3 cxd4 20. Nxd4 Bb4 
21. g5 Nd7 22. axb5 Bxe1 23. bxa6 Bxf2+ 24. Qxf2 Bxa6 25. Nh5 Nde5 
26. Ra1 Nd3 27. Qc2 Bb7 28. Rf1 Qe5 29. Nf3 Qxe4 30. Bb6 Rd6 
31. Qc3 e5 32. Ba7 Ndf4 33. Nxf4 Nxf4 34. Qb4 Rd3 35. Re1 Qc6 
36. Be3 Nxg2 0-1

[Event "Skakligaen 2023-24"]
[Site "Denmark"]
[Date "2023.10.29"]
[Round "2.7"]
[Board "7"]
[White "Rendboe, John Filip"]
[Black "Wiecker, Stefan"]
[Result "1/2-1/2"]
[WhiteElo "2153"]
[BlackElo "2120"]
[PlyCount "102"]
[WhiteTeam "AarhusSkolerne"]
[BlackTeam "Frem"]
[EventDate "2023.10.28"]
[EventType "team-tourn"]
[EventRounds "9"]
[EventCountry "DEN"]
[SourceTitle "Live v. Kasper Jerwiarz"]
[Table "7"]

1. c4 g6 2. g3 Bg7 3. Bg2 d6 4. d4 Nf6 5. Nf3 O-O 
6. O-O Nbd7 7. Nc3 e5 8. dxe5 dxe5 9. e4 c6 10. Qc2 Qc7 
11. b3 Re8 12. Bb2 Nf8 13. Rad1 Bg4 14. h3 Bxf3 15. Bxf3 Ne6 
16. Ne2 Rad8 17. Bg2 Rxd1 18. Rxd1 h5 19. h4 Nd7 20. Bh3 Ndf8 
21. b4 a5 22. a3 axb4 23. axb4 Rd8 24. Rxd8 Qxd8 25. c5 b6 
26. cxb6 Qxb6 27. Qc4 g5 28. hxg5 Nxg5 29. Bf5 h4 30. Bc1 hxg3 
31. Nxg3 Nf3+ 32. Kg2 Nh4+ 33. Kf1 Nfg6 34. Bxg6 Nxg6 35. Nf5 Qd8 
36. Ke2 Qd7 37. Be3 Bf8 38. f3 Qb7 39. Nh6+ Bxh6 40. Bxh6 Qd7 
41. Qd3 Qh3 42. Qd8+ Kh7 43. Bg5 Qg2+ 44. Ke3 Qg1+ 45. Ke2 Qh2+ 
46. Kd3 Qb2 47. Qf6 Qd4+ 48. Ke2 Qc4+ 49. Kf2 Qd4+ 50. Kg2 Qc4 
51. Kg3 Qe6 1/2-1/2

[Event "Skakligaen 2023-24"]
[Site "Denmark"]
[Date "2023.10.29"]
[Round "2.8"]
[Board "8"]
[White "Ostergreen Johansen, Benjamin"]
[Black "Hagen, Kresten Skytte"]
[Result "1/2-1/2"]
[WhiteElo "1972"]
[BlackElo "2139"]
[PlyCount "80"]
[WhiteTeam "Frem"]
[BlackTeam "AarhusSkolerne"]
[EventDate "2023.10.28"]
[EventType "team-tourn"]
[EventRounds "9"]
[EventCountry "DEN"]
[SourceTitle "Live v. Kasper Jerwiarz"]
[Table "8"]

1. e4 e6 2. d4 d5 3. exd5 exd5 4. Nf3 Bd6 5. c4 c6 
6. Nc3 Ne7 7. Bg5 f6 8. Bh4 Be6 9. c5 Bc7 10. Bg3 O-O 
11. Bd3 Nd7 12. Qc2 g6 13. O-O Bf7 14. Rae1 Re8 15. Re2 Bxg3 
16. hxg3 Kg7 17. Rfe1 Ng8 18. Nh4 Rxe2 19. Qxe2 Nf8 20. f4 Qd7 
21. Qf2 Nh6 22. f5 g5 23. Nf3 Ng4 24. Qd2 h6 25. Nh2 Nxh2 
26. Kxh2 h5 27. Re3 Re8 28. Ne2 Kh6 29. Ng1 Rxe3 30. Qxe3 Bg8 
31. g4 hxg4 32. Qg3 Kg7 33. Qxg4 Qe7 34. Ne2 Qe3 35. Qg3 Qd2 
36. b3 Bf7 37. a4 Qb4 38. Bc2 Qd2 39. Qd3 Qe1 40. Ng3 a6 
1/2-1/2

[Event "Skakligaen 2023-24"]
[Site "Denmark"]
[Date "2023.10.29"]
[Round "2.1"]
[Board "1"]
[White "Thybo, Jesper Sondergaard"]
[Black "Hector, Jonny"]
[Result "1/2-1/2"]
[WhiteElo "2539"]
[BlackElo "2436"]
[PlyCount "79"]
[WhiteTeam "Hillerod"]
[BlackTeam "Nordkalotten"]
[EventDate "2023.10.28"]
[EventType "team-tourn"]
[EventRounds "9"]
[EventCountry "DEN"]
[SourceTitle "Live v. Kasper Jerwiarz"]
[Table "1"]

1. Nf3 d5 2. g3 Bg4 3. Bg2 Nd7 4. h3 Bxf3 5. Bxf3 Ngf6 
6. O-O e5 7. c4 c6 8. d4 e4 9. Bg2 h5 10. cxd5 cxd5 
11. Bg5 Qb6 12. Qb3 Qxb3 13. axb3 a6 14. Nc3 Bd6 15. h4 O-O 
16. Bh3 Nb6 17. Bxf6 gxf6 18. Kg2 Rfe8 19. Rfc1 Rad8 20. Nd1 Na8 
21. Ne3 Nc7 22. Rc2 Kf8 23. Rac1 Nb5 24. Nf5 Bb8 25. e3 Kg8 
26. Kf1 Kh7 27. Ke2 Bd6 28. Nxd6 Rxd6 29. Rc8 Rxc8 30. Rxc8 Kg7 
31. Kd2 Na7 32. Rc7 Rb6 33. Rd7 Rxb3 34. Kc2 Rb6 35. Rxd5 Nc6 
36. Rxh5 Nb4+ 37. Kc3 Na2+ 38. Kc2 Nb4+ 39. Kc3 Na2+ 40. Kc2 1/2-1/2

[Event "Skakligaen 2023-24"]
[Site "Denmark"]
[Date "2023.10.29"]
[Round "2.2"]
[Board "2"]
[White "Brynell, Stellan"]
[Black "Hansen, Sune Berg"]
[Result "1/2-1/2"]
[WhiteElo "2401"]
[BlackElo "2513"]
[PlyCount "35"]
[WhiteTeam "Nordkalotten"]
[BlackTeam "Hillerod"]
[EventDate "2023.10.28"]
[EventType "team-tourn"]
[EventRounds "9"]
[EventCountry "DEN"]
[SourceTitle "Live v. Kasper Jerwiarz"]
[Table "2"]

1. d4 d5 2. Nf3 Nf6 3. c4 dxc4 4. e3 e6 5. Bxc4 a6 
6. O-O Nbd7 7. b3 b6 8. Bb2 Bb7 9. Nbd2 Be7 10. Be2 O-O 
11. Nc4 c5 12. Rc1 b5 13. Nce5 Rc8 14. Nxd7 Nxd7 15. Qd2 Nf6 
16. dxc5 Bxc5 17. Qxd8 Rfxd8 18. Rfd1 1/2-1/2

[Event "Skakligaen 2023-24"]
[Site "Denmark"]
[Date "2023.10.29"]
[Round "2.3"]
[Board "3"]
[White "Schandorff, Lars"]
[Black "Jepson, Christian"]
[Result "1-0"]
[WhiteElo "2471"]
[BlackElo "2390"]
[PlyCount "142"]
[WhiteTeam "Hillerod"]
[BlackTeam "Nordkalotten"]
[EventDate "2023.10.28"]
[EventType "team-tourn"]
[EventRounds "9"]
[EventCountry "DEN"]
[SourceTitle "Live v. Kasper Jerwiarz"]
[Table "3"]

1. d4 Nf6 2. Nf3 d6 3. g3 g6 4. Bg2 Bg7 5. O-O O-O 
6. Nc3 d5 7. Re1 Bf5 8. Nh4 Be6 9. e4 dxe4 10. Nxe4 Nxe4 
11. Bxe4 c6 12. c3 Nd7 13. Bg2 Re8 14. Rxe6 fxe6 15. Qb3 Qc8 
16. Bh3 Nf8 17. Ng2 c5 18. dxc5 Qxc5 19. Nf4 Qb6 20. Nxe6 Nxe6 
21. Bxe6+ Kh8 22. Be3 Qc7 23. Re1 b6 24. Bf4 Qc5 25. Qd5 Qxd5 
26. Bxd5 Rad8 27. Bc6 e5 28. Bg5 Rf8 29. Bxd8 Rxd8 30. Re2 Bf6 
31. h4 Kg7 32. Kg2 Rd6 33. Bb5 Rd1 34. Ba4 Rd8 35. Bb5 Rd1 
36. Kf3 Kf8 37. Ba4 Rd8 38. Bc6 Rd6 39. Bb5 Rd8 40. Ke4 Rd1 
41. Ba4 Rd8 42. Bb3 Ke7 43. Bd5 Kf8 44. Re3 Kg7 45. Rf3 Rd7 
46. b4 h5 47. c4 Rc7 48. Be6 a5 49. bxa5 bxa5 50. Kd5 e4 
51. Kxe4 Rc5 52. Bd5 Rc7 53. a4 Re7+ 54. Kd3 Rc7 55. Rf4 Rc8 
56. Re4 g5 57. hxg5 Bxg5 58. Re5 Kh6 59. Re6+ Kg7 60. Re5 Kh6 
61. f4 Bf6 62. Rf5 Kg6 63. Be4 Rd8+ 64. Ke3 h4 65. Rxa5+ Kg7 
66. gxh4 Bxh4 67. Ra7+ Kf8 68. Bd5 Be7 69. Kf3 Bb4 70. a5 Rd6 
71. a6 Bd2 1-0

[Event "Skakligaen 2023-24"]
[Site "Denmark"]
[Date "2023.10.29"]
[Round "2.4"]
[Board "4"]
[White "Sylvan, Jacob"]
[Black "Percivaldi, Martin"]
[Result "1/2-1/2"]
[WhiteElo "2296"]
[BlackElo "2388"]
[PlyCount "83"]
[WhiteTeam "Nordkalotten"]
[BlackTeam "Hillerod"]
[EventDate "2023.10.28"]
[EventType "team-tourn"]
[EventRounds "9"]
[EventCountry "DEN"]
[SourceTitle "Live v. Kasper Jerwiarz"]
[Table "4"]

1. e4 e5 2. Nf3 Nc6 3. Bb5 a6 4. Ba4 Nf6 5. O-O Be7 
6. Re1 b5 7. Bb3 d6 8. c3 O-O 9. h3 Nb8 10. d4 Nbd7 
11. Nbd2 Bb7 12. Bc2 Re8 13. Nf1 Bf8 14. Ng3 g6 15. a4 c5 
16. d5 c4 17. Be3 Qc7 18. Qe2 Nc5 19. Nd2 Nfd7 20. h4 Nb6 
21. a5 Nbd7 22. h5 Bc8 23. f3 Nb7 24. Kf2 Nxa5 25. Rh1 Nb7 
26. Rh2 Bg7 27. Rah1 Nf8 28. Nf5 gxf5 29. exf5 Nc5 30. g4 e4 
31. Nxe4 Nxe4+ 32. Bxe4 Nd7 33. g5 Nc5 34. f6 Nxe4+ 35. fxe4 Rxe4 
36. Qf3 Re5 37. fxg7 Rf5 38. Bf4 Bb7 39. Re1 Bxd5 40. Qe3 Be6 
41. h6 Qa7 42. Qxa7 1/2-1/2

[Event "Skakligaen 2023-24"]
[Site "Denmark"]
[Date "2023.10.29"]
[Round "2.5"]
[Board "5"]
[White "Borge, Nikolaj"]
[Black "Hove, Esben Kjems"]
[Result "1/2-1/2"]
[WhiteElo "2392"]
[BlackElo "2312"]
[PlyCount "67"]
[WhiteTeam "Hillerod"]
[BlackTeam "Nordkalotten"]
[EventDate "2023.10.28"]
[EventType "team-tourn"]
[EventRounds "9"]
[EventCountry "DEN"]
[SourceTitle "Live v. Kasper Jerwiarz"]
[Table "5"]

1. e4 c6 2. d4 d5 3. e5 Bf5 4. Nf3 e6 5. Be2 Nd7 
6. O-O h6 7. Nbd2 Ne7 8. Nb3 Nc8 9. Bd2 Be7 10. Ne1 O-O 
11. f4 Bh7 12. Bg4 Ncb6 13. f5 exf5 14. Bxf5 Bg5 15. Bb4 Be7 
16. Ba5 c5 17. Qg4 cxd4 18. Nd3 g6 19. Bd2 h5 20. Qg3 Bh4 
21. Qh3 gxf5 22. Nxd4 Kh8 23. Rxf5 Bg6 24. Nf3 Nc4 25. Bc3 d4 
26. Nxh4 dxc3 27. Nxg6+ fxg6 28. Rxh5+ gxh5 29. Qxh5+ Kg8 30. Qg6+ Kh8 
31. Qh6+ Kg8 32. Qg6+ Kh8 33. Qh6+ Kg8 34. Qg6+ 1/2-1/2

[Event "Skakligaen 2023-24"]
[Site "Denmark"]
[Date "2023.10.29"]
[Round "2.6"]
[Board "6"]
[White "Schmidt, Kristen"]
[Black "Ostergaard, Jens"]
[Result "1/2-1/2"]
[WhiteElo "2282"]
[BlackElo "2278"]
[PlyCount "159"]
[WhiteTeam "Nordkalotten"]
[BlackTeam "Hillerod"]
[EventDate "2023.10.28"]
[EventType "team-tourn"]
[EventRounds "9"]
[EventCountry "DEN"]
[SourceTitle "Live v. Kasper Jerwiarz"]
[Table "6"]

1. e4 c5 2. Nf3 Nc6 3. Bb5 g6 4. O-O Bg7 5. c3 Nf6 
6. Re1 O-O 7. h3 d6 8. d4 cxd4 9. cxd4 a6 10. Bxc6 bxc6 
11. Nc3 Ne8 12. Bf4 Nc7 13. Qd2 Ne6 14. Bh6 d5 15. Bxg7 Kxg7 
16. Ne5 Qd6 17. Nxc6 dxe4 18. d5 f5 19. Rad1 Bb7 20. Na5 Nd8 
21. Qd4+ Kg8 22. Nc4 Qc7 23. Rc1 Rb8 24. Ne5 Qd6 25. Nc4 Qc7 
26. Nd2 e5 27. d6 Qc6 28. Qxe5 Nf7 29. Qa5 Qxd6 30. Nc4 Qe6 
31. Ne2 Rfc8 32. Nf4 Qe7 33. b3 Qc5 34. Qc3 Re8 35. Qg3 Qc7 
36. h4 Rbd8 37. b4 Qe7 38. Ne3 Qe5 39. Rc5 Qb2 40. Rxf5 Qxb4 
41. Rc1 Qd6 42. Rd1 Qb6 43. Rxd8 Rxd8 44. h5 Rd6 45. Kh2 Qc6 
46. Rd5 Rxd5 47. Nexd5 Qd6 48. hxg6 Bxd5 49. gxf7+ Kxf7 50. a3 Bc6 
51. Qe3 a5 52. g3 a4 53. Qa7+ Bd7 54. Kg2 Ke7 55. Qe3 Bc6 
56. Ne2 Qd3 57. Qc5+ Qd6 58. Qa7+ Qd7 59. Nd4 Kf6 60. Qb6 e3+ 
61. f3 Kg7 62. Qc5 Bd5 63. Kf1 Bxf3 64. Qe5+ Kg6 65. Nxf3 Qd1+ 
66. Ne1 Qc1 67. Qe4+ Kg7 68. Qd3 Qd2 69. Qe2 Qc1 70. Kg2 Qxa3 
71. Kf3 Qf8+ 72. Kxe3 Qe7+ 73. Kd2 Qxe2+ 74. Kxe2 Kg6 75. Kf2 a3 
76. Nc2 a2 77. Kf3 Kg5 78. Na1 h5 79. Nc2 h4 80. gxh4+ 1/2-1/2

[Event "Skakligaen 2023-24"]
[Site "Denmark"]
[Date "2023.10.29"]
[Round "2.7"]
[Board "7"]
[White "Jaksland, Tim"]
[Black "Kristensen, Kaare Hove"]
[Result "0-1"]
[WhiteElo "2070"]
[BlackElo "2258"]
[PlyCount "132"]
[WhiteTeam "Hillerod"]
[BlackTeam "Nordkalotten"]
[EventDate "2023.10.28"]
[EventType "team-tourn"]
[EventRounds "9"]
[EventCountry "DEN"]
[SourceTitle "Live v. Kasper Jerwiarz"]
[Table "7"]

1. e4 c5 2. c3 d5 3. exd5 Nf6 4. Bb5+ Nbd7 5. d4 a6 
6. Be2 Nxd5 7. Nf3 e6 8. O-O Be7 9. c4 N5f6 10. Nc3 O-O 
11. a3 cxd4 12. Qxd4 Nc5 13. Bf4 Bd7 14. Rad1 Na4 15. Ne5 Be8 
16. Qxd8 Rxd8 17. Rxd8 Bxd8 18. Nxa4 Bxa4 19. Bf3 Bc7 20. b4 b6 
21. Re1 Bb3 22. g3 Bxe5 23. Bxe5 Bxc4 24. Rc1 b5 25. Bxf6 gxf6 
26. Bb7 Rb8 27. Bf3 Kf8 28. Rd1 Ke7 29. Kg2 Rb6 30. Kh3 f5 
31. Kh4 h6 32. Bg2 a5 33. bxa5 Ra6 34. Rc1 Rxa5 35. Rc3 Bd5 
36. Bf1 b4 37. axb4 Ra2 38. Bd3 Rxf2 39. Rc2 Rxc2 40. Bxc2 Bf3 
41. Bd3 Kd6 42. h3 Ke5 43. b5 Kd4 44. Bf1 Kc5 45. g4 fxg4 
46. hxg4 f6 47. Kg3 Bd1 48. Kh4 Bf3 49. Kg3 Be4 50. Kh4 Bg6 
51. Kg3 Be8 52. b6 Kxb6 53. Kf4 Kc5 54. Ke3 h5 55. gxh5 Bxh5 
56. Bh3 Kd6 57. Bf1 Bg6 58. Ba6 e5 59. Bb7 f5 60. Kf3 Kc5 
61. Ke3 f4+ 62. Kf3 Kd4 63. Ba6 Bh5+ 64. Kf2 e4 65. Bb5 e3+ 
66. Kg2 Kc3 0-1

[Event "Skakligaen 2023-24"]
[Site "Denmark"]
[Date "2023.10.29"]
[Round "2.8"]
[Board "8"]
[White "Nielsen, Lars Aaes"]
[Black "Nordenbaek, Jan"]
[Result "1/2-1/2"]
[WhiteElo "2189"]
[BlackElo "2156"]
[PlyCount "43"]
[WhiteTeam "Nordkalotten"]
[BlackTeam "Hillerod"]
[EventDate "2023.10.28"]
[EventType "team-tourn"]
[EventRounds "9"]
[EventCountry "DEN"]
[SourceTitle "Live v. Kasper Jerwiarz"]
[Table "8"]

1. e4 e5 2. Nf3 Nc6 3. d4 exd4 4. Bc4 Nf6 5. Ng5 d5 
6. exd5 Qe7+ 7. Kf1 Ne5 8. Qxd4 Nxc4 9. Qxc4 Qc5 10. Qxc5 Bxc5 
11. Nc3 O-O 12. Nge4 Nxe4 13. Nxe4 Bb6 14. Bf4 Bf5 15. Re1 Rad8 
16. c4 c6 17. d6 Bxe4 18. Rxe4 Bc5 19. Ke2 Bxd6 20. Be3 f5 
21. Rd4 Be5 22. Rxd8 1/2-1/2

[Event "Skakligaen 2023-24"]
[Site "Denmark"]
[Date "2023.11.26"]
[Round "3.1"]
[Board "1"]
[White "Hansen, Mads"]
[Black "Thybo, Jesper Sondergaard"]
[Result "1/2-1/2"]
[WhiteElo "2388"]
[BlackElo "2539"]
[PlyCount "113"]
[WhiteTeam "Frem"]
[BlackTeam "Hillerod"]
[WhiteTeamCountry "DEN"]
[BlackTeamCountry "DEN"]
[EventDate "2023.10.28"]
[EventType "team-tourn"]
[EventRounds "9"]
[EventCountry "DEN"]
[SourceTitle "Turneringssystemet"]
[Table "1"]

1. e4 e5 2. Nf3 Nc6 3. Nc3 Nf6 4. d4 Bb4 5. Nxe5 Bxc3+ 
6. bxc3 Qe7 7. Nxc6 Qxe4+ 8. Be2 Qxc6 9. O-O Qxc3 10. Rb1 O-O 
11. Rb3 Qc6 12. Bb5 Qd5 13. Bd3 d6 14. c4 Qh5 15. Be2 Qh4 
16. d5 Re8 17. Bb2 Ne4 18. Re3 Bd7 19. g3 Qh6 20. Bd3 Nc5 
21. Rfe1 Rxe3 22. Rxe3 Re8 23. Rxe8+ Bxe8 24. Qe1 Kf8 25. Bf1 b6 
26. Bd4 Qg6 27. h4 Bd7 28. Qd2 Qb1 29. Kg2 f6 30. Be2 Bf5 
31. Bxc5 bxc5 32. Qa5 Qb6 33. Qa3 a5 34. g4 Be4+ 35. f3 Bb1 
36. Bd3 Bxd3 37. Qxd3 Qb2+ 38. Kh3 g6 39. g5 Qe5 40. Qd2 Qf5+ 
41. Kg3 fxg5 42. hxg5 a4 43. f4 Qb1 44. Qc3 Kg8 45. Qe3 Kf8 
46. Qc3 Qg1+ 47. Kf3 Qd1+ 48. Ke3 Kg8 49. Qb2 Qe1+ 50. Kf3 Qe8 
51. Qb7 Qd7 52. Qb8+ Kf7 53. Kg3 Qe7 54. Kf3 Qd7 55. Kg3 Qe7 
56. Kf3 Qd7 57. Ke4 1/2-1/2

[Event "Skakligaen 2023-24"]
[Site "Denmark"]
[Date "2023.11.26"]
[Round "3.2"]
[Board "2"]
[White "Hansen, Sune Berg"]
[Black "Dyrgaard, Kristoffer"]
[Result "1-0"]
[WhiteElo "2513"]
[BlackElo "2269"]
[PlyCount "83"]
[WhiteTeam "Hillerod"]
[BlackTeam "Frem"]
[WhiteTeamCountry "DEN"]
[BlackTeamCountry "DEN"]
[EventDate "2023.10.28"]
[EventType "team-tourn"]
[EventRounds "9"]
[EventCountry "DEN"]
[SourceTitle "Turneringssystemet"]
[Table "2"]

1. c4 e5 2. Nc3 Nc6 3. Nf3 Bc5 4. e3 d6 5. a3 a6 
6. Be2 Nf6 7. d4 Ba7 8. dxe5 Nxe5 9. Nxe5 dxe5 10. Qxd8+ Kxd8 
11. b4 Be6 12. Bb2 Ke7 13. O-O-O Rad8 14. h3 c6 15. g4 h6 
16. Kc2 b5 17. c5 Nd5 18. Bf3 f6 19. Nxd5+ Bxd5 20. Bxd5 Rxd5 
21. Rxd5 cxd5 22. a4 Rb8 23. Ra1 a5 24. axb5 Rxb5 25. Rxa5 Rxa5 
26. bxa5 Bxc5 27. a6 Ke6 28. Kd3 g6 29. f4 Ba7 30. Bc3 Bb6 
31. Ba5 Ba7 32. Bc3 Bb6 33. fxe5 fxe5 34. e4 d4 35. Ba5 Ba7 
36. Bc7 Kf6 37. h4 g5 38. h5 Ke6 39. Kc4 Kf6 40. Kd5 d3 
41. Bxe5+ Kf7 42. Bc3 1-0

[Event "Skakligaen 2023-24"]
[Site "Denmark"]
[Date "2023.11.26"]
[Round "3.3"]
[Board "3"]
[White "Ostergreen Johansen, Torben"]
[Black "Schandorff, Lars"]
[Result "1/2-1/2"]
[WhiteElo "2160"]
[BlackElo "2471"]
[PlyCount "71"]
[WhiteTeam "Frem"]
[BlackTeam "Hillerod"]
[WhiteTeamCountry "DEN"]
[BlackTeamCountry "DEN"]
[EventDate "2023.10.28"]
[EventType "team-tourn"]
[EventRounds "9"]
[EventCountry "DEN"]
[SourceTitle "Turneringssystemet"]
[Table "3"]

1. d4 d5 2. Bf4 Nf6 3. e3 c5 4. Nf3 Nc6 5. Nbd2 Nh5 
6. dxc5 Nxf4 7. exf4 g6 8. c3 Bg7 9. Bb5 O-O 10. O-O Qc7 
11. g3 Bg4 12. Nb3 Rfd8 13. Be2 a5 14. Nbd4 a4 15. b4 Bxf3 
16. Bxf3 Bxd4 17. cxd4 Nxb4 18. Rb1 Nc6 19. Re1 e6 20. Re3 Rdb8 
21. Rb6 Ra6 22. Rxa6 bxa6 23. Qxa4 Rb4 24. Qxa6 Nxd4 25. Qd6 Qb7 
26. Kg2 Rb1 27. a4 h5 28. Qe5 Nxf3 29. Rxf3 Qa6 30. Kh3 Qf1+ 
31. Kh4 Qg2 32. Kg5 Kh7 33. Qc7 Kg7 34. Qe5+ Kh7 35. Qc7 Kg7 
36. Qe5+ 1/2-1/2

[Event "Skakligaen 2023-24"]
[Site "Denmark"]
[Date "2023.11.26"]
[Round "3.4"]
[Board "4"]
[White "Percivaldi, Martin"]
[Black "Le Besq, Alexander"]
[Result "1/2-1/2"]
[WhiteElo "2388"]
[BlackElo "2186"]
[PlyCount "51"]
[WhiteTeam "Hillerod"]
[BlackTeam "Frem"]
[WhiteTeamCountry "DEN"]
[BlackTeamCountry "DEN"]
[EventDate "2023.10.28"]
[EventType "team-tourn"]
[EventRounds "9"]
[EventCountry "DEN"]
[SourceTitle "Turneringssystemet"]
[Table "4"]

1. Nf3 Nf6 2. g3 d5 3. Bg2 e6 4. O-O c5 5. c4 dxc4 
6. Na3 Nc6 7. Nxc4 Bd7 8. d4 cxd4 9. Nxd4 Nxd4 10. Qxd4 Bb5 
11. Qxd8+ Rxd8 12. b3 Nd5 13. Bb2 f6 14. Rfd1 Be7 15. Kf1 Kf7 
16. Bxd5 Rxd5 17. Rxd5 exd5 18. Ne3 Bc6 19. Rd1 Rd8 20. Bd4 Ke6 
21. f3 Bd6 22. Kf2 h5 23. Rd2 b6 24. Rc2 Bb7 25. f4 Rc8 
26. h3 1/2-1/2